Mathematical modeling : case studies from industry (Record no. 50670)

MARC details
000 -LEADER
fixed length control field 00809nam a2200205 a 4500
008 - FIXED-LENGTH DATA ELEMENTS--GENERAL INFORMATION
fixed length control field 060316s2001 ||||||||||||||||| || u
020 ## - INTERNATIONAL STANDARD BOOK NUMBER
International Standard Book Number 0521650070
020 ## - INTERNATIONAL STANDARD BOOK NUMBER
International Standard Book Number 0521011736
050 ## - LIBRARY OF CONGRESS CALL NUMBER
Classification number T 57.62 Mat
100 ## - MAIN ENTRY--PERSONAL NAME
Personal name Cumberbatch, Ellis
245 10 - TITLE STATEMENT
Title Mathematical modeling : case studies from industry
Statement of responsibility, etc. edited Ellis Cumberbatch
260 ## - PUBLICATION, DISTRIBUTION, ETC.
Place of publication, distribution, etc. Cambridge :
Name of publisher, distributor, etc. Cambridge University Press
Date of publication, distribution, etc. 2001
300 ## - PHYSICAL DESCRIPTION
Extent xv, 299 p. : ill.
350 ## - PRICE (NR) (BK AM CF MU VM SE) [OBSOLETE]
Price 0.00
500 ## - GENERAL NOTE
General note Includes bibliographical references
650 ## - SUBJECT ADDED ENTRY--TOPICAL TERM
Topical term or geographic name entry element MATHEMATICAL MODELS - INDUSTRIAL APPLICATIONS
700 ## - ADDED ENTRY--PERSONAL NAME
Personal name Fitt, Alistair
856 ## - ELECTRONIC LOCATION AND ACCESS
Uniform Resource Identifier <a href="http://www.loc.gov/catdir/toc/cam022/00054672.html">http://www.loc.gov/catdir/toc/cam022/00054672.html</a>
995 ## - RECOMMENDATION 995 [LOCAL, UNIMARC FRANCE]
-- 0.00
-- CBU-MAIN LIBRARY (Kitwe)
-- 1
-- 20.00
-- 1
-- AVAILABLE
-- Main Library Open Access Collection
Holdings
Withdrawn status Lost status Source of classification or shelving scheme Damaged status Not for loan Home library Current library Shelving location Date acquired Total Checkouts Full call number Barcode Date last seen Price effective from Koha item type
          CBU-MAIN LIBRARY, KITWE. CBU-MAIN LIBRARY, KITWE.   11/30/2022   T 57.62 Mat 40378 11/30/2022 11/30/2022 MONOGRAPH